000 00555nam a2200181Ia 4500
003 GCL
008 140319s9999 xx 000 0 ara d
040 _aGCL /
_cGCL
082 0 4 _a791.53
_bت م
100 1 _aتحية كامل حسين
245 1 0 _aمسرح العرائس /
_cتحية كامل حسين
260 _aالقاهرة :
_bدار الكرنك للنشر والطبع والتوزيع ،
_c1960
300 _a235 ص ؛
_c30 سم
490 _a
650 0 4 _aمسرح الطفل
650 0 4 _aمسرح العرائس
942 _2ddc
_cBK
999 _c45321
_d45321